Marki samochodów - Statystyki

Ogólne statystyki
  • Ten quiz został rozwiązany 54 076 razy
    1 231 od ostatniego zresetowania
  • Średni wynik to 26 z 33
Statystyki odpowiedzi
Obrazkowy Odpowiedź % Poprawnych
Honda
97%
Ford
95%
Audi
93%
Mazda
92%
BMW
91%
Mercedes
90%
Tesla
88%
Opel
87%
Skoda
87%
Toyota
87%
Jaguar
86%
Volkswagen
86%
Ferrari
85%
Hyundai
85%
Seat
85%
Fiat
84%
Citroen
82%
Porsche
82%
Alfa romeo
81%
Nissan
81%
Bentley
80%
Suzuki
80%
Chevrolet
79%
Volvo
78%
Peugeot
76%
Subaru
73%
Lexus
71%
Dodge
65%
Maserati
52%
Cadillac
48%
Corvette
42%
Daewoo
38%
Tata
29%
Nie znaleziono quizów pasujących do podanych kryteriów
Rozkład punktacji
Procent ludzi z każdym wynikiem
Percentyl według liczby udzielonych odpowiedzi
Twoja historia wyników
Nie rozwiązałeś tego quizu od ostatniego zresetowania